Normal view
MARC view
Entry Personal Name
001 - CONTROL NUMBER
- control field: 19324
003 - CONTROL NUMBER IDENTIFIER
- control field: OSt
005 - DATE AND TIME OF LATEST TRANSACTION
- control field: 20211118155028.0
008 - FIXED-LENGTH DATA ELEMENTS
- fixed length control field: 211118|| aca||aabn | a|a d
040 ## - CATALOGING SOURCE
- Original cataloging agency: OSt
- Transcribing agency: OSt
100 ## - HEADING--PERSONAL NAME
- Personal name: Yalden, Janice
670 ## - SOURCE DATA FOUND
- Source citation: Work cat.: (OSt)19087: Yalden, Janice., Principles of course design for language teaching /, 1987.